MARC

LEADER 00000nam0a2200000 4500
001 169581
005 20231031163457.0
020 |a RU  |b 90-26960ж 
035 |a (RuTPU)RU\TPU\book\183942 
090 |a 169581 
100 |a 20091114a1990 u a0rusy5003 ca 
101 0 |a rus 
102 |a RU 
105 |a a z 001zy 
200 1 |a Автоматизация содового и смежных производств  |f под ред. Б. А. Топермана 
210 |a Харьков  |c ХНПО "Карбонат"  |d 1990 
215 |a 126,8 с.  |c ил.  |d 20 см 
225 1 |a Труды Харьковского научно-производственного объединения "Карбонат"  |x 0136-5576  |v Т. 69 
320 |a Библиогр. в конце ст. 
610 1 |a содовое производство 
610 1 |a автоматизация 
610 1 |a управление 
610 1 |a промывка 
610 1 |a сыпучие материалы 
610 1 |a дозирование 
610 1 |a известково-обжигательные печи 
610 1 |a водоснабжение 
610 1 |a пневмотранспортные потоки 
610 1 |a процессы 
675 |a 661.32  |z rus 
702 1 |a Топерман  |b Б. А.  |4 340 
801 0 |a RU  |b RuMRKP  |c 19950417  |g psbo 
801 1 |a RU  |b 63413507  |c 20091114 
801 2 |a RU  |b 63413507  |c 20130611  |g RCR 
942 |c BK